[Event "O Pohar mesta Ricany 2016"]
[Site "Kulturni centrum Labut, 17. Listopadu 214 25101 Ricany"]
[Date "2016.08.29"]
[Round "4.27"]
[White "Kuhnmund, Ivan"]
[Black "Sadil, Jan"]
[Result "0-1"]
[WhiteElo "1709"]
[BlackElo "1798"]
[PlyCount "0"]
[EventDate "2016.08.29"]

1. e4 e5 2. f4 Bc5 3. Nf3 d6 4. c3 Nc6 5. b4 Bb6 6. b5 Nb8 7. fxe5 dxe5 8. Bc4
Nf6 9. Nxe5 Qe7 10. Bxf7+ Kf8 11. Ba3 Bc5 12. Bxc5 Qxc5 13. d4 Qxb5 14. Bc4 Qb2
15. O-O Ke7 16. Rxf6 gxf6 17. Qh5 Qc1+ 18. Kf2 Qf4+ 19. Nf3 Be6 20. Bxe6 Kxe6
21. Qd5+ Ke7 22. e5 fxe5 23. Nd2 Nc6 24. Qc5+ Kf7 25. Qd5+ Kg6 26. Qe6+ Qf6
27. Qg4+ Kh6 28. Ne4 Qf4 29. Qh3+ Kg7 30. Qd7+ Kf8 31. Ng5 Re8 32. d5 e4
33. Ne6+ Rxe6 34. Qxe6 exf3 35. Rf1 Ne5 36. Kg1 Kg7 37. Qe7+ Kg6 38. Qxc7 Qe3+
39. Kh1 fxg2+ 40. Kxg2 Rg8 41. Qa5 Qe2+ 0-1

[Event "O Pohar mesta Ricany 2016"]
[Site "Kulturni centrum Labut, 17. Listopadu 214 25101 Ricany"]
[Date "2016.08.29"]
[Round "4.28"]
[White "Vilimova, Julie"]
[Black "Chromovsky, Hynek"]
[Result "1-0"]
[WhiteElo "1709"]
[BlackElo "1724"]
[PlyCount "0"]
[EventDate "2016.08.29"]

1. d4 Nf6 2. c4 e6 3. Nc3 c5 4. d5 exd5 5. cxd5 d6 6. e4 Be7 7. Nf3 Bg4 8. Be2
Bxf3 9. Bxf3 Na6 10. O-O Nc7 11. Qb3 b6 12. e5 Nd7 13. exd6 Bxd6 14. Ne4 Ne5
15. Nxd6+ Qxd6 16. Be4 Ng6 17. f4 f5 18. Bxf5 Qxd5 19. Qe3+ Kf7 20. Be4 Qd6
21. Qb3+ Kf6 22. Bxa8 Rxa8 23. Qc3+ Kf7 24. f5 Nf8 25. Bf4 Qc6 26. Qc4+ Nd5
27. Rad1 Rd8 28. Rfe1 b5 29. Qe4 c4 30. Rd4 Qb6 31. Kf1 Nxf4 32. Qe7+ 1-0

[Event "O Pohar mesta Ricany 2016"]
[Site "Kulturni centrum Labut, 17. Listopadu 214 25101 Ricany"]
[Date "2016.08.29"]
[Round "4.29"]
[White "Hejsek, Lukas"]
[Black "Benes, Karel"]
[Result "0-1"]
[WhiteElo "1668"]
[BlackElo "1713"]
[PlyCount "0"]
[EventDate "2016.08.29"]

1. e4 e5 2. Nf3 Nc6 3. Bc4 Be7 4. d4 d6 5. O-O Nf6 6. dxe5 Nxe5 7. Nxe5 dxe5
8. Qxd8+ Bxd8 9. Nc3 c6 10. a4 O-O 11. Bg5 h6 12. Be3 Re8 13. f3 Be7 14. Rad1 b6
15. Ne2 Bb7 16. Rd2 Rad8 17. Rfd1 Rxd2 18. Rxd2 Rd8 19. Rxd8+ Bxd8 20. Ng3 Be7
21. Nf5 Bf8 22. Kf2 Nd7 23. b3 Nc5 24. Ke2 a6 25. Bxc5 Bxc5 26. c3 b5 27. axb5
axb5 28. Bd3 Bc8 29. b4 Bf8 30. g4 g6 31. Ne3 Kg7 32. Kf2 Be7 33. Kg3 Bg5
34. Kf2 Be6 35. Ke2 Kf8 36. Ng2 Ke8 37. Kd1 Bb3+ 38. Bc2 Bc4 39. h4 Be7 40. Ne3
Ba2 41. h5 Kd7 42. Kc1 Bg5 43. Kd2 gxh5 44. gxh5 f6 45. Kd3 Bf7 46. Bd1 Bf4
47. Ng2 Bc4+ 48. Kc2 Bg5 49. Kb1 Bf1 50. Ne1 Bd2 51. Nc2 Bxc3 52. Ne3 Bh3
53. Nc2 Be6 54. Be2 Bd2 55. Bf1 Kd6 56. Kb2 Bf7 57. Bh3 Bxh5 58. Bg4 Bf7 59. Ka3
h5 60. Bh3 h4 61. Na1 Be6 62. Bg2 h3 63. Bh1 Be3 64. Nb3 c5 65. bxc5+ Bxc5+
66. Kb2 Be3 67. Na5 h2 68. Nb3 Bxb3 69. Kxb3 Kc5 70. Kc3 b4+ 71. Kb3 Kb5 72. Bg2
Kc5 73. Bh1 Bd2 74. Kc2 Be1 75. Kd3 b3 76. Bg2 Kb4 0-1

[Event "O pohar mesta Ricany 2016"]
[Site "Kulturni centrum Labut, 17. Listopadu 214 25101 Ricany"]
[Date "2016.08.30"]
[Round "5.1"]
[White "Krejci, Jan"]
[Black "Vojta, Tomas"]
[Result "1/2-1/2"]
[WhiteElo "2496"]
[BlackElo "2384"]
[PlyCount "0"]
[EventDate "2016.08.30"]

1. d4 {[%clk 1:30:57]} d5 {[%clk 1:30:38]} 2. Nf3 {[%clk 1:31:21]} Nc6
{[%clk 1:29:51]} 3. e3 {[%clk 1:31:23]} Bg4 {[%clk 1:29:24]} 4. Bb5
{[%clk 1:31:43]} e6 {[%clk 1:27:03]} 5. Nbd2 {[%clk 1:31:49]} Nge7
{[%clk 1:20:50]} 6. O-O {[%clk 1:32:12]} a6 {[%clk 1:20:29]} 7. Be2
{[%clk 1:32:40]} Ng6 {[%clk 1:19:28]} 8. c4 {[%clk 1:33:04]} dxc4
{[%clk 1:12:39]} 9. h3 {[%clk 1:28:34]} Bxf3 {[%clk 1:05:51]} 10. Bxf3
{[%clk 1:28:36]} Qd7 {[%clk 1:04:31]} 11. Nxc4 {[%clk 1:27:29]} Be7
{[%clk 0:59:43]} 12. g3 {[%clk 1:18:33]} O-O {[%clk 0:58:54]} 13. b3
{[%clk 1:15:21]} Rad8 {[%clk 0:55:15]} 14. Bb2 {[%clk 1:13:33]} b5
{[%clk 0:46:23]} 15. Ne5 {[%clk 1:04:37]} Ncxe5 {[%clk 0:46:14]} 16. dxe5
{[%clk 1:05:05]} Qc8 {[%clk 0:43:04]} 17. Qc2 {[%clk 1:04:43]} c5
{[%clk 0:43:04]} 18. Rfd1 {[%clk 1:04:12]} Rxd1+ {[%clk 0:39:37]} 19. Rxd1
{[%clk 1:04:03]} Rd8 {[%clk 0:40:04]} 20. Rxd8+ {[%clk 1:00:12]} Qxd8
{[%clk 0:39:13]} 21. Be4 {[%clk 0:53:42]} Qa5 {[%clk 0:36:28]} 22. Bc3
{[%clk 0:50:22]} Qc7 {[%clk 0:36:54]} 23. f4 {[%clk 0:50:44]} Nf8
{[%clk 0:35:21]} 24. Kf2 {[%clk 0:48:20]} h6 {[%clk 0:32:44]} 25. h4
{[%clk 0:46:01]} Nd7 {[%clk 0:32:16]} 26. Qd2 {[%clk 0:44:32]} b4
{[%clk 0:29:49]} 27. Ba1 {[%clk 0:40:51]} Nb6 {[%clk 0:22:27]} 28. Bd3
{[%clk 0:40:26]} a5 {[%clk 0:20:57]} 29. h5 {[%clk 0:40:05]} Qc6 {[%clk 0:20:29]}
30. Qd1 {[%clk 0:38:49]} a4 {[%clk 0:18:44]} 31. Bb1 {[%clk 0:38:24]} Kf8
{[%clk 0:17:52]} 32. Qf3 {[%clk 0:36:35]} 1/2-1/2

[Event "O pohar mesta Ricany 2016"]
[Site "Kulturni centrum Labut, 17. Listopadu 214 25101 Ricany"]
[Date "2016.08.30"]
[Round "5.2"]
[White "Balacek, Tadeas"]
[Black "Kulhanek, Tomas"]
[Result "1/2-1/2"]
[WhiteElo "2298"]
[BlackElo "2364"]
[PlyCount "0"]
[EventDate "2016.08.30"]

1. d4 {[%clk 1:30:20]} d6 {[%clk 1:30:50]} 2. Nf3 {[%clk 1:30:05]} Bg4
{[%clk 1:31:13]} 3. c4 {[%clk 1:29:51]} Nd7 {[%clk 1:31:35]} 4. g3
{[%clk 1:25:47]} e5 {[%clk 1:31:10]} 5. Bg2 {[%clk 1:24:21]} c6 {[%clk 1:31:07]}
6. O-O {[%clk 1:23:10]} Qb6 {[%clk 1:29:27]} 7. dxe5 {[%clk 1:09:17]} dxe5
{[%clk 1:29:49]} 8. Nc3 {[%clk 1:09:28]} Ngf6 {[%clk 1:29:05]} 9. Qc2
{[%clk 1:07:09]} Be7 {[%clk 1:22:04]} 10. Na4 {[%clk 0:59:32]} Qc7
{[%clk 1:21:40]} 11. c5 {[%clk 0:57:18]} O-O {[%clk 1:20:26]} 12. h3
{[%clk 0:49:24]} Bh5 {[%clk 1:18:20]} 13. Nh4 {[%clk 0:49:34]} Rfe8
{[%clk 1:17:29]} 14. g4 {[%clk 0:42:37]} Bg6 {[%clk 1:17:22]} 15. Nxg6
{[%clk 0:42:57]} hxg6 {[%clk 1:17:47]} 16. b4 {[%clk 0:37:55]} Nd5
{[%clk 1:12:56]} 17. Qc4 {[%clk 0:32:00]} Nf4 {[%clk 1:02:17]} 18. Bb2
{[%clk 0:30:23]} Nxg2 {[%clk 0:52:57]} 19. Kxg2 {[%clk 0:30:50]} b5
{[%clk 0:53:13]} 20. cxb6 {[%clk 0:30:59]} Nxb6 {[%clk 0:53:12]} 21. Nxb6
{[%clk 0:23:39]} Qxb6 {[%clk 0:52:53]} 22. Bc3 {[%clk 0:18:07]} Qb5
{[%clk 0:51:28]} 23. Qxb5 {[%clk 0:14:56]} cxb5 {[%clk 0:51:56]} 24. a4
{[%clk 0:15:14]} Rac8 {[%clk 0:50:36]} 25. Rfc1 {[%clk 0:13:29]} a6
{[%clk 0:29:46]} 26. axb5 {[%clk 0:13:31]} axb5 {[%clk 0:30:14]} 27. Bxe5
{[%clk 0:13:33]} Rxc1 {[%clk 0:30:12]} 28. Rxc1 {[%clk 0:14:00]} Bxb4
{[%clk 0:30:30]} 29. Rb1 {[%clk 0:14:16]} Rxe5 {[%clk 0:30:16]} 30. Rxb4
{[%clk 0:14:44]} Rxe2 {[%clk 0:30:41]} 1/2-1/2

[Event "O pohar mesta Ricany 2016"]
[Site "Kulturni centrum Labut, 17. Listopadu 214 25101 Ricany"]
[Date "2016.08.30"]
[Round "5.3"]
[White "Hrdina, Robin"]
[Black "Bures, Jaroslav"]
[Result "0-1"]
[WhiteElo "2120"]
[BlackElo "2376"]
[PlyCount "0"]
[EventDate "2016.08.30"]

1. e4 {[%clk 1:30:58]} c5 {[%clk 1:30:57]} 2. Nf3 {[%clk 1:31:23]} d6
{[%clk 1:31:24]} 3. Bb5+ {[%clk 1:30:21]} Nd7 {[%clk 1:31:50]} 4. O-O
{[%clk 1:30:30]} a6 {[%clk 1:32:14]} 5. Bxd7+ {[%clk 1:27:35]} Bxd7
{[%clk 1:32:39]} 6. h3 {[%clk 1:26:58]} e5 {[%clk 1:27:11]} 7. c3
{[%clk 1:25:01]} Nf6 {[%clk 1:26:50]} 8. d4 {[%clk 1:20:53]} Qc7 {[%clk 1:26:55]}
9. Re1 {[%clk 1:20:15]} Be7 {[%clk 1:26:11]} 10. d5 {[%clk 1:14:36]} O-O
{[%clk 1:25:31]} 11. Bg5 {[%clk 1:10:02]} h6 {[%clk 1:25:14]} 12. Bxf6
{[%clk 1:08:16]} Bxf6 {[%clk 1:25:40]} 13. Nbd2 {[%clk 1:06:22]} Be7
{[%clk 1:23:01]} 14. Nc4 {[%clk 0:59:06]} b5 {[%clk 1:19:54]} 15. Ne3
{[%clk 0:59:14]} g6 {[%clk 1:20:21]} 16. Qd2 {[%clk 0:30:52]} f5 {[%clk 1:20:19]}
17. Rad1 {[%clk 0:27:38]} Qc8 {[%clk 1:07:44]} 18. exf5 {[%clk 0:16:55]} gxf5
{[%clk 1:08:08]} 19. Nxe5 {[%clk 0:16:15]} dxe5 {[%clk 1:07:09]} 20. d6
{[%clk 0:16:20]} Bg5 {[%clk 0:43:25]} 21. Qd5+ {[%clk 0:16:32]} Rf7
{[%clk 0:43:51]} 22. Qxe5 {[%clk 0:16:05]} Qc6 {[%clk 0:44:17]} 23. Nd5
{[%clk 0:15:40]} Re8 {[%clk 0:44:39]} 24. Ne7+ {[%clk 0:15:17]} Bxe7
{[%clk 0:45:03]} 25. dxe7 {[%clk 0:15:35]} f4 {[%clk 0:45:15]} 26. f3
{[%clk 0:08:01]} Rf5 {[%clk 0:45:30]} 27. Qe4 {[%clk 0:07:39]} Rf6
{[%clk 0:45:39]} 28. Qd3 {[%clk 0:06:49]} Bf5 {[%clk 0:43:12]} 29. Qd2
{[%clk 0:07:18]} c4 {[%clk 0:41:17]} 30. Re5 {[%clk 0:06:08]} Bd3
{[%clk 0:39:29]} 31. Rde1 {[%clk 0:06:26]} Qc7 {[%clk 0:38:38]} 32. Qf2
{[%clk 0:06:19]} Qb6 {[%clk 0:39:01]} 33. Rc5 {[%clk 0:05:47]} Rf5
{[%clk 0:38:34]} 0-1

[Event "O pohar mesta Ricany 2016"]
[Site "Kulturni centrum Labut, 17. Listopadu 214 25101 Ricany"]
[Date "2016.08.30"]
[Round "5.4"]
[White "Krivanek, Vladimir"]
[Black "Svatos, Jan"]
[Result "1/2-1/2"]
[WhiteElo "2109"]
[BlackElo "2293"]
[PlyCount "0"]
[EventDate "2016.08.30"]

1. e4 e6 2. d4 d5 3. Nc3 Bb4 4. exd5 exd5 5. Bd3 Nc6 6. Nge2 Nge7 7. Bg5 f6 8.
Bf4 O-O 9. a3 Ba5 10. O-O Nf5 11. Na4 Ncxd4 12. Nxd4 Nxd4 13. Bxh7+ Kxh7 14. Qxd4
Bf5 15. b4 Bb6 16. Nc5 Re8 17. Rfe1 c6 18. c4 Qd7 19. cxd5 cxd5 20. Red1 Bxc5 21.
Qxc5 b6 22. Qd6 Qxd6 23. Bxd6 Be6 24. Bf4 Rad8 25. Be3 Bf5 26. h3 Re4 27. Bd4 Rc8
28. Rd2 Rc7 29. f3 Re8 30. Kf2 Bd7 31. g4 Bb5 32. h4 Rce7 33. Kg3 Re2 34. Rxe2
Rxe2 35. a4 Bc4 36. a5 bxa5 37. bxa5 a6 38. Rd1 Ra2 39. Bb6 Re2 40. Bd4 Ra2 41.
Bb6 Re2 42. Bd4 1/2-1/2

[Event "O pohar mesta Ricany 2016"]
[Site "Kulturni centrum Labut, 17. Listopadu 214 25101 Ricany"]
[Date "2016.08.30"]
[Round "5.5"]
[White "Steiner, Juraj"]
[Black "Starek, Stanislav"]
[Result "1/2-1/2"]
[WhiteElo "2044"]
[BlackElo "2172"]
[PlyCount "0"]
[EventDate "2016.08.30"]

1. c4 e5 2. Nc3 Nf6 3. Nf3 Nc6 4. d3 d5 5. cxd5 Nxd5 6. g3 Nb6 7. Bg2 Be7 8. O-O
O-O 9. a3 Be6 10. b4 a5 11. b5 Nd4 12. Rb1 f6 13. Nd2 c6 14. e3 Nxb5 15. Nxb5
cxb5 16. Rxb5 Ra7 17. d4 Nd5 18. Bb2 Qd7 19. Qe2 Nc7 20. Rb6 Na8 21. Rb5 Nc7
1/2-1/2

[Event "O pohar mesta Ricany 2016"]
[Site "Kulturni centrum Labut, 17. Listopadu 214 25101 Ricany"]
[Date "2016.08.30"]
[Round "5.6"]
[White "Rut, Vojtech"]
[Black "Hradecky, Ivo"]
[Result "1-0"]
[WhiteElo "2135"]
[BlackElo "2051"]
[PlyCount "0"]
[EventDate "2016.08.30"]

1. e4 c5 2. Nf3 d6 3. d4 cxd4 4. Nxd4 Nf6 5. Nc3 g6 6. Be3 Bg7 7. f3 Nc6 8. Qd2
O-O 9. Bc4 Bd7 10. O-O-O Rc8 11. Bb3 Ne5 12. h4 h5 13. Kb1 Re8 14. Bg5 Rc5 15. g4
hxg4 16. f4 Nc4 17. Qe2 Qc8 18. Bxf6 exf6 19. h5 b5 20. hxg6 d5 21. Qh2 dxe4 22.
Qh7+ Kf8 23. gxf7 Kxf7 24. Nxe4 Rxe4 25. Qxe4 f5 26. Qg2 a5 27. Rh7 a4 28. Bxc4+
Rxc4 29. Qd5+ Kf8 30. Qd6+ Kf7 31. Qh6 Qf8 32. Nf3 Bc6 33. Ne5+ Kg8 34. Rxg7+ 1-0

[Event "O pohar mesta Ricany 2016"]
[Site "Kulturni centrum Labut, 17. Listopadu 214 25101 Ricany"]
[Date "2016.08.30"]
[Round "5.7"]
[White "Rastocny, Josef"]
[Black "Cerny, Martin"]
[Result "0-1"]
[WhiteElo "1908"]
[BlackElo "2130"]
[PlyCount "0"]
[EventDate "2016.08.30"]

1. d4 {[%clk 1:30:55]} Nf6 {[%clk 1:30:54]} 2. c4 {[%clk 1:30:56]} c5
{[%clk 1:31:09]} 3. d5 {[%clk 1:31:19]} b5 {[%clk 1:31:32]} 4. cxb5
{[%clk 1:31:42]} a6 {[%clk 1:32:01]} 5. bxa6 {[%clk 1:32:00]} Bxa6
{[%clk 1:32:20]} 6. Nc3 {[%clk 1:32:20]} d6 {[%clk 1:32:35]} 7. g3
{[%clk 1:32:30]} g6 {[%clk 1:32:59]} 8. Bg2 {[%clk 1:32:48]} Bg7 {[%clk 1:33:25]}
9. Nf3 {[%clk 1:33:01]} O-O {[%clk 1:33:49]} 10. O-O {[%clk 1:33:21]} Nbd7
{[%clk 1:34:13]} 11. Qc2 {[%clk 1:33:36]} Ra7 {[%clk 1:18:23]} 12. Rd1
{[%clk 1:30:56]} Qa8 {[%clk 1:17:29]} 13. Rb1 {[%clk 1:29:50]} Bc4
{[%clk 1:10:21]} 14. Nd2 {[%clk 1:22:03]} Bxa2 {[%clk 1:06:34]} 15. Ra1
{[%clk 1:21:46]} Rb8 {[%clk 0:57:32]} 16. b3 {[%clk 1:15:34]} Bxb3
{[%clk 0:57:02]} 17. Nxb3 {[%clk 1:05:02]} Rxa1 {[%clk 0:55:35]} 18. Nxa1
{[%clk 1:05:23]} Qxa1 {[%clk 0:56:01]} 19. Bg5 {[%clk 1:05:15]} Qb2
{[%clk 0:55:35]} 20. Qd3 {[%clk 1:04:46]} h6 {[%clk 0:45:37]} 21. Bd2
{[%clk 1:02:03]} Ne5 {[%clk 0:41:50]} 22. Qa6 {[%clk 1:01:29]} Nfd7
{[%clk 0:39:32]} 23. Bh3 {[%clk 0:57:12]} Qb7 {[%clk 0:39:11]} 24. Qa4
{[%clk 0:55:30]} Ra8 {[%clk 0:33:40]} 25. Qh4 {[%clk 0:53:51]} g5
{[%clk 0:32:00]} 26. Qe4 {[%clk 0:52:24]} Nf6 {[%clk 0:32:03]} 27. Qf5
{[%clk 0:51:30]} Qd7 {[%clk 0:28:31]} 28. Qxe5 {[%clk 0:49:48]} Qxh3
{[%clk 0:28:16]} 29. Qe3 {[%clk 0:48:11]} Ng4 {[%clk 0:24:00]} 30. Qf3
{[%clk 0:48:37]} Ra3 {[%clk 0:21:14]} 31. Rb1 {[%clk 0:47:59]} Qxh2+
{[%clk 0:18:37]} 32. Kf1 {[%clk 0:48:17]} Qxf2+ {[%clk 0:17:21]} 33. Qxf2
{[%clk 0:47:41]} Nxf2 {[%clk 0:17:41]} 34. Rb8+ {[%clk 0:46:52]} Kh7
{[%clk 0:16:41]} 35. Nb5 {[%clk 0:46:48]} Ra2 {[%clk 0:16:58]} 0-1

[Event "O pohar mesta Ricany 2016"]
[Site "Kulturni centrum Labut, 17. Listopadu 214 25101 Ricany"]
[Date "2016.08.30"]
[Round "5.8"]
[White "Soural, Jan"]
[Black "Grecny, Karol"]
[Result "1-0"]
[WhiteElo "2222"]
[BlackElo "1934"]
[PlyCount "0"]
[EventDate "2016.08.30"]

1. d4 e6 2. c4 Nf6 3. Nc3 Bb4 4. e3 c5 5. Nge2 O-O 6. a3 cxd4 7. axb4 dxc3 8.
Nxc3 d5 9. cxd5 exd5 10. Be2 Qb6 11. b5 Be6 12. Qd4 Nbd7 13. O-O Rfc8 14. Na4 Qd6
15. b4 b6 16. Bb2 Rc2 17. Bd3 Rcc8 18. f4 Nf8 19. f5 Bd7 20. e4 Qe7 21. e5 Ne8
22. Rf3 Rab8 23. Nc3 Nc7 24. Rg3 g6 25. Rxa7 Be6 26. fxe6 Nfxe6 27. Qg4 h5 28.
Qxh5 Nf4 29. Qd1 Qxb4 30. Qd2 Nce6 31. Ne4 Qb3 32. Nf6+ Kg7 33. Rxf7+ Rd8 1-0

[Event "O pohar mesta Ricany 2016"]
[Site "Kulturni centrum Labut, 17. Listopadu 214 25101 Ricany"]
[Date "2016.08.30"]
[Round "5.9"]
[White "Hanl, Frantisek"]
[Black "Skokan, Frantisek"]
[Result "1-0"]
[WhiteElo "2116"]
[BlackElo "1930"]
[PlyCount "0"]
[EventDate "2016.08.30"]

1. e4 c5 2. Nf3 d6 3. d4 cxd4 4. Nxd4 Nf6 5. Nc3 a6 6. Be2 e5 7. Nb3 Be7 8. a4
Be6 9. O-O Qc7 10. Be3 Nbd7 11. Kh1 Nb6 12. f4 exf4 13. Rxf4 Nc4 14. Bc1 Ne5
15. Nd4 O-O 16. Nf5 Ng6 17. Rf1 Rad8 18. Bg5 Ne8 19. Nxe7+ Nxe7 20. Nd5 Bxd5
21. exd5 f6 22. Be3 Ng6 23. a5 Qd7 24. Bd3 f5 25. Qh5 Ne7 26. c4 Nf6 27. Qh3 g6
28. Rae1 Rf7 29. Bd4 Rdf8 30. Qh4 Nh5 31. Re6 f4 32. Rfe1 Re8 33. Qg4 f3
34. gxf3 Nf4 35. Rf6 Nexd5 36. Rxe8+ Qxe8 37. Rxf7 Qe1+ 38. Bg1 Kxf7 39. Be4 1-0

[Event "O pohar mesta Ricany 2016"]
[Site "Kulturni centrum Labut, 17. Listopadu 214 25101 Ricany"]
[Date "2016.08.30"]
[Round "5.10"]
[White "Skalicky, Tomas"]
[Black "Stanek, Ondrej"]
[Result "1-0"]
[WhiteElo "2110"]
[BlackElo "1837"]
[PlyCount "0"]
[EventDate "2016.08.30"]

1. d4 Nf6 2. c4 g6 3. Nc3 d5 4. Nf3 Bg7 5. Bf4 O-O 6. e3 dxc4 7. Bxc4 c5
8. dxc5 Qa5 9. O-O Nc6 10. Rc1 Nh5 11. Bg5 Bg4 12. h3 Rad8 13. Qe2 Bxf3 14. Qxf3
Ne5 15. Qe2 Nf6 16. Bxf6 Bxf6 17. Nd5 Nxc4 18. Qxc4 Bxb2 19. Nxe7+ Kg7 20. Rc2
Ba3 21. Nd5 b6 22. Qd4+ f6 23. Qe4 Bxc5 24. Nf4 Rfe8 25. Qb7+ Re7 26. Ne6+ Kg8
27. Qc6 Rde8 28. Nxc5 bxc5 29. Qxf6 Re6 30. Qb2 Rb6 31. Qc1 Rc8 32. Rd1 Rb7
33. Rd5 Rbc7 34. e4 Qb4 35. Rc4 Qb6 36. Qd2 Re7 37. Qc2 Rec7 38. a4 Qc6 39. Qd2
Qe6 40. e5 Rd7 41. Rxd7 Qxc4 42. Qh6 1-0

[Event "O pohar mesta Ricany 2016"]
[Site "Kulturni centrum Labut, 17. Listopadu 214 25101 Ricany"]
[Date "2016.08.30"]
[Round "5.11"]
[White "Postupa, Pavel"]
[Black "Otruba, Marek"]
[Result "1/2-1/2"]
[WhiteElo "1982"]
[BlackElo "1806"]
[PlyCount "0"]
[EventDate "2016.08.30"]

1. e4 c5 2. f4 d6 3. Nf3 Nc6 4. Bb5 g6 5. O-O Bg7 6. Nc3 e6 7. Re1 Ne7 8. a4
O-O 9. Bf1 b6 10. d3 Bb7 11. Ne2 d5 12. Ng3 Nd4 13. c3 Nxf3+ 14. gxf3 Qd7
15. Bh3 f5 16. e5 d4 17. c4 a5 18. Bg2 Bc6 19. Kf2 Kf7 20. b3 Ke8 21. Qe2 Kd8
22. h4 h5 23. Nf1 Bh6 24. Ng3 Kc7 25. Qd2 Rg8 26. Rh1 Qd8 27. Qe1 Bb7 28. Ne2
Nc6 29. Bd2 Qe7 1/2-1/2

[Event "O pohar mesta Ricany 2016"]
[Site "Kulturni centrum Labut, 17. Listopadu 214 25101 Ricany"]
[Date "2016.08.30"]
[Round "5.12"]
[White "Kovar, Jan"]
[Black "Skacel, Jan"]
[Result "0-1"]
[WhiteElo "1912"]
[BlackElo "2030"]
[PlyCount "0"]
[EventDate "2016.08.30"]

1. e4 Nf6 2. Nc3 d5 3. e5 Ng8 4. d4 Bf5 5. Nge2 e6 6. Ng3 Bg6 7. Nce2 c5 8. c3
Nc6 9. h4 h6 10. Nf4 Bh7 11. Bb5 cxd4 12. Bxc6+ bxc6 13. cxd4 Ne7 14. Qa4 Qd7
15. Bd2 c5 16. Qxd7+ Kxd7 17. Nfe2 Nc6 18. Bc3 cxd4 19. Bxd4 Bb4+ 20. Kd1 Rhc8
21. a3 Nxd4 22. Nxd4 Rc4 23. Nde2 Bc2+ 24. Kc1 Be7 25. Kd2 Bh7 26. Rac1 Rac8
27. f4 Rc2+ 28. Rxc2 Rxc2+ 29. Ke3 Bc5+ 0-1

[Event "O pohar mesta Ricany 2016"]
[Site "Kulturni centrum Labut, 17. Listopadu 214 25101 Ricany"]
[Date "2016.08.30"]
[Round "5.13"]
[White "Voracek, Zdenek"]
[Black "Hampel, Rudolf"]
[Result "0-1"]
[WhiteElo "1977"]
[BlackElo "1710"]
[PlyCount "0"]
[EventDate "2016.08.30"]

1. d4 f5 2. g3 Nf6 3. Bg2 e6 4. Nd2 Be7 5. Ngf3 O-O 6. O-O Nc6 7. b3 d6 8. Bb2
Bd7 9. Re1 Qe8 10. c4 Qh5 11. Rc1 Rae8 12. a3 e5 13. e4 f4 14. dxe5 dxe5
15. Nxe5 Nxe5 16. Qxh5 Nxh5 17. Bxe5 Bxa3 18. Bxc7 Bxc1 19. Rxc1 fxg3 20. hxg3
Bc6 21. e5 Bxg2 22. Kxg2 Rf7 23. Bd6 Rd7 24. Ne4 b6 25. f4 Nf6 26. Kf3 Nxe4
27. Kxe4 Rxd6 0-1

[Event "O pohar mesta Ricany 2016"]
[Site "Kulturni centrum Labut, 17. Listopadu 214 25101 Ricany"]
[Date "2016.08.30"]
[Round "5.14"]
[White "Hadrava, Jaroslav"]
[Black "Zvolensky, David"]
[Result "0-1"]
[WhiteElo "1972"]
[BlackElo "1585"]
[PlyCount "0"]
[EventDate "2016.08.30"]

1. e4 e6 2. d4 d5 3. Nc3 Bb4 4. Qg4 Ne7 5. a3 Bxc3+ 6. bxc3 c5 7. Qxg7 Rg8
8. Qxh7 cxd4 9. cxd4 Qc7 10. exd5 Qc3+ 11. Ke2 Qxa1 12. d6 Qxc1 13. Nf3 b6
14. dxe7 Ba6+ 0-1

[Event "O pohar mesta Ricany 2016"]
[Site "Kulturni centrum Labut, 17. Listopadu 214 25101 Ricany"]
[Date "2016.08.30"]
[Round "5.15"]
[White "Kunc, Jan"]
[Black "Pribyl, Jaroslav"]
[Result "1-0"]
[WhiteElo "1832"]
[BlackElo "1960"]
[PlyCount "0"]
[EventDate "2016.08.30"]

1. e4 c6 2. Nc3 d5 3. Nf3 dxe4 4. Nxe4 Bg4 5. Bc4 e6 6. h3 Bxf3 7. Qxf3 Nd7
8. Qg3 Ndf6 9. d3 Nxe4 10. dxe4 Nf6 11. e5 Nd5 12. O-O Qc7 13. Bb3 O-O-O 14. a3
g6 15. c4 Ne7 16. Bg5 Nf5 17. Bxd8 Qxd8 18. Qc3 Nd4 19. Rfe1 f6 20. Rad1 c5
21. Ba4 b6 22. exf6 Qxf6 23. Qe3 Bd6 24. Qe4 Rf8 25. Qa8+ Bb8 26. Rf1 Qf4 27. g3
Qf5 28. Kg2 Rf7 29. Bc6 Qc2 30. b4 Ne2 31. Be4 Qb2 32. Qc6+ 1-0

[Event "O pohar mesta Ricany 2016"]
[Site "Kulturni centrum Labut, 17. Listopadu 214 25101 Ricany"]
[Date "2016.08.30"]
[Round "5.16"]
[White "Vavrinec, Tomas"]
[Black "Novotny, Martin"]
[Result "1-0"]
[WhiteElo "1920"]
[BlackElo "1557"]
[PlyCount "0"]
[EventDate "2016.08.30"]

1. c4 e5 2. Nc3 Nc6 3. Nf3 g6 4. g3 Bg7 5. Bg2 Nf6 6. O-O d6 7. d3 O-O 8. Rb1
a5 9. a3 h6 10. b4 axb4 11. axb4 Be6 12. b5 Ne7 13. Bb2 Qd7 14. Re1 Nh5 15. Qc2
f5 16. Ra1 f4 17. Ne4 Bh3 18. Bh1 fxg3 19. hxg3 Rxa1 20. Rxa1 Nf6 21. Nxf6+ Bxf6
22. Ra7 b6 23. Bc1 Kg7 24. Be3 Nc8 25. Rb7 g5 26. Nd2 h5 27. Ne4 h4 28. Qd2 hxg3
29. fxg3 Kg6 30. Bf3 g4 31. Bh6 gxf3 32. Bxf8 Qg4 33. Qh6+ Kf7 34. Rxc7+ Be7
35. Qf6+ Kg8 36. Bxe7 fxe2 37. Qf8+ Kh7 38. Bg5+ Kg6 39. Qf6+ Kh5 40. Qh6# *

[Event "O pohar mesta Ricany 2016"]
[Site "Kulturni centrum Labut, 17. Listopadu 214 25101 Ricany"]
[Date "2016.08.30"]
[Round "5.17"]
[White "Otrubova, Kristyna"]
[Black "Koper, Stefan"]
[Result "0-1"]
[WhiteElo "1564"]
[BlackElo "1917"]
[PlyCount "0"]
[EventDate "2016.08.30"]

1. d4 g6 2. e4 Bg7 3. Nc3 a6 4. Bg5 b5 5. Qd2 Bb7 6. f3 h6 7. Be3 d6 8. O-O-O
Nd7 9. Kb1 e5 10. d5 f5 11. exf5 gxf5 12. f4 Ngf6 13. fxe5 Nxe5 14. a3 Qd7
15. Nge2 Nc4 16. Qd3 Ng4 17. Bd4 O-O-O 18. Bxg7 Qxg7 19. Qxf5+ Kb8 20. Re1 Rhf8
21. Qh5 Nge3 22. Rg1 Nd2+ 23. Ka2 Nexf1 24. Qh3 Bc8 0-1

[Event "O pohar mesta Ricany 2016"]
[Site "Kulturni centrum Labut, 17. Listopadu 214 25101 Ricany"]
[Date "2016.08.30"]
[Round "5.18"]
[White "Blumel, Otto"]
[Black "Vilimova, Julie"]
[Result "1-0"]
[WhiteElo "2061"]
[BlackElo "1709"]
[PlyCount "0"]
[EventDate "2016.08.30"]

1. e4 c5 2. Nf3 Nc6 3. Nc3 g6 4. d4 cxd4 5. Nxd4 Bg7 6. Nde2 Nf6 7. g3 O-O
8. Bg2 d6 9. h3 Rb8 10. a4 a6 11. Nd5 b5 12. axb5 axb5 13. O-O Nd7 14. f4 b4
15. g4 Nc5 16. Qe1 Ba6 17. f5 b3 18. c3 Nd3 19. Qh4 Nxc1 20. Rxa6 Nxe2+ 21. Kf2
Nxc3 22. bxc3 b2 23. Rxc6 b1=Q 24. Rxb1 Rxb1 25. Nxe7+ Kh8 26. f6 Re8 27. e5
Rxe7 28. fxe7 Qa8 29. Rb6 Qa2+ 30. Ke3 Bh6+ 31. g5 Bxg5+ 32. Qxg5 Re1+ 33. Kf3
1-0

[Event "O pohar mesta Ricany 2016"]
[Site "Kulturni centrum Labut, 17. Listopadu 214 25101 Ricany"]
[Date "2016.08.30"]
[Round "5.19"]
[White "Konvalinka, Vladislav"]
[Black "Martinec, Karel"]
[Result "1/2-1/2"]
[WhiteElo "1696"]
[BlackElo "1889"]
[PlyCount "0"]
[EventDate "2016.08.30"]

1. d4 Nf6 2. c4 g6 3. Nc3 Bg7 4. e4 d6 5. f3 Nbd7 6. Nh3 e5 7. d5 a5 8. Be3 b6
9. Bd3 Nc5 10. Bc2 Bxh3 11. gxh3 Qd7 12. Nb5 O-O 13. h4 Rac8 14. Qd2 Nh5
15. O-O-O f5 16. exf5 gxf5 17. Rhg1 Kh8 18. Rg5 Nf4 19. Rdg1 Rf7 1/2-1/2